Information Management Journal

Bibliographic Details
Format: eBook
Language:English
Published: [s.l.] : Association of Records Managers & Administrators, 2004 -
Subjects:
Online Access:Acceso restringido

MARC

LEADER 00000nam a22000007a 4500
005 20140505164425.0
007 cr|||| ||||
008 140505c20049999us |||| s|||| 0|||a1eng d
035 |a 4138 
040 |a vLex 
090 |c 4908  |d 4908 
245 0 0 |a Information Management Journal  |h [Recurso electrn̤ico] 
256 |a Servicio en ln̕ea 
260 |a [s.l.] :  |b Association of Records Managers & Administrators,  |c 2004 - 
300 |a 1 recurso electrn̤ico 
310 |a Bimensual 
362 |a Nm︢. 1 (2004) - 
506 1 |a Contenido solo disponible en los productos indicados  |d vLex Global  |d vLex Global (Academic Edition, excluding Law Schools)  |d vLex Global (U.S. Academic Edition, excluding Law Schools) 
650 0 4 |a Diarios  |z Estados Unidos 
740 0 |a vLex Revistas (Servicio en ln̕ea) 
856 4 0 |u http://vlex.com/source/4138  |z Acceso restringido 
942 |c REV 
999 0 |a Newspapers